LDR 01089nam a2200265 i 4500 001 000000191435 003 CaOOAMICUS 005 20110221000000.0 008 110221s1990 it u000 u ita u 013 $a169984 020 $a88-399-1633-4 040 $aSeMil$bita 100 1 $aBarsotti, Divo,$c
.$0(OLS)http://semarc/name/15111 245 10$aMeditazione sulla prima lettera di Giovanni /$cDivo Barsotti. 260 $aBrescia :$bQueriniana,$c1990. 300 $a163 p. ;$c20 cm. 490 0 $aBibbia e liturgia ;$v33 650 4$aBibbia - NT - Lettere di Giovanni.$0(OLS)http://semarc/subject/6016 830 0$aBibbia e liturgia ;$v33.$0(OLS)http://semarc/title/425747 850 $aSeMil 852 $aSeMil$W1$xVenegono$y1$m3F II 514$j142049$B142049$CSeMilBibl$Z2$F166145 $81 961 $aOmaggio: Villa don Rino 996 $6020$a88-399-1633-4$9(OLS)http://semarc/number/182522 996 $6245$aMeditazione sulla prima lettera di Giovanni$9(OLS)http://semarc/title/275842 996 $6260$aBrescia :$bQueriniana$9(OLS)http://semarc/publisher/29615